000 00760nam a2200265Ia 4500
003 OSt
005 20221006160151.0
006 a|||||r|||| 00| 0
007 ta
008 221006b |||||||| |||| 00| 0 eng d
020 _a9788962970005
_cW29,000
024 _a44,508
037 _bGift, KCC (Window on Korea)
_cAnnuals, Advances
040 _aEASL
_cEASL
_beng
041 _2eng
_aeng
082 _aNQ495, P9
100 _aPark Ah-rim
_9672187
245 0 _aKoguryo tomb murals in the east asian funerary art
260 _aSeoul
_bJImoondang
_c2009
300 _a319p.
_ccm.
490 _v KEL
650 _aKEL
942 _hNQ495, P9
_cREF
_2CC
999 _c1112600
_d1112600